Principles of ambulatory medicine / (Record no. 4758)
[ view plain ]
| 000 -LEADER | |
|---|---|
| fixed length control field | 01072cam a22003018a 4500 |
| 003 - CONTROL NUMBER IDENTIFIER | |
| control field | OSt |
| 005 - DATE AND TIME OF LATEST TRANSACTION | |
| control field | 20220329080744.0 |
| 008 - FIXED-LENGTH DATA ELEMENTS--GENERAL INFORMATION | |
| fixed length control field | 900228s1991 mdua b 001 0 eng c |
| 020 ## - INTERNATIONAL STANDARD BOOK NUMBER | |
| International Standard Book Number | 0683004379 |
| 040 ## - CATALOGING SOURCE | |
| Transcribing agency | DLC |
| 049 ## - LOCAL HOLDINGS (OCLC) | |
| Holding library | JHWW |
| -- | JHWZ [BAYVIEW] [CLASSIC] |
| 050 ## - LIBRARY OF CONGRESS CALL NUMBER | |
| Classification number | RC46 |
| Item number | .P894 1990 |
| 096 ## - LOCALLY ASSIGNED NLM-TYPE CALL NUMBER (OCLC) | |
| Classification number | WB 101 P957 1991 |
| 245 00 - TITLE STATEMENT | |
| Title | Principles of ambulatory medicine / |
| Statement of responsibility, etc. | edited by L. Randol Barker, John R. Burton, Philip D. Zieve. |
| 250 ## - EDITION STATEMENT | |
| Edition statement | 3rd ed. |
| 260 ## - PUBLICATION, DISTRIBUTION, ETC. | |
| Place of publication, distribution, etc. | Baltimore : |
| Name of publisher, distributor, etc. | Williams & Wilkins, |
| Date of publication, distribution, etc. | c1991. |
| 300 ## - PHYSICAL DESCRIPTION | |
| Extent | xviii, 1487 p. : |
| Other physical details | ill. (some col.) ; |
| Dimensions | 29 cm. |
| 504 ## - BIBLIOGRAPHY, ETC. NOTE | |
| Bibliography, etc. note | Includes bibliographical references and index. |
| 590 ## - LOCAL NOTE (RLIN) | |
| Local note | JHMI: Bayview Library has authors' autographed presentation copy. |
| 650 #2 - SUBJECT ADDED ENTRY--TOPICAL TERM | |
| Topical term or geographic name entry element | Ambulatory Care. |
| 700 1# - ADDED ENTRY--PERSONAL NAME | |
| Personal name | Zieve, Philip D., |
| Dates associated with a name | 1932- |
| 700 1# - ADDED ENTRY--PERSONAL NAME | |
| Personal name | Barker, L. Randol |
| Fuller form of name | (Lee Randol) |
| 700 1# - ADDED ENTRY--PERSONAL NAME | |
| Personal name | Burton, John R. |
| Fuller form of name | (John Russell), |
| Dates associated with a name | 1937- |
| 910 ## - USER-OPTION DATA (OCLC) | |
| User-option data | 144620 |
| 942 ## - ADDED ENTRY ELEMENTS (KOHA) | |
| Source of classification or shelving scheme | |
| Koha item type | Book |
| 945 ## - LOCAL PROCESSING INFORMATION (OCLC) | |
| a | RITT |
| b | 2 |
| d | 87.12 |
| g | C.2 W ST,C.3 REF |
| k | 901121 |
| n | 29,68 |
| q | F |
| w | 1 |
| 945 ## - LOCAL PROCESSING INFORMATION (OCLC) | |
| a | JHMB |
| b | 1 |
| d | 90.90 |
| g | C.1 VF DESK C. |
| k | 901130 |
| n | 86 |
| q | F |
| w | 1 |
| Withdrawn status | Lost status | Source of classification or shelving scheme | Damaged status | Not for loan | Permanent Location | Current Location | Shelving location | Date acquired | Source of acquisition | Total Checkouts | Full call number | Barcode | Date last seen | Price effective from | Koha item type | Public note |
|---|---|---|---|---|---|---|---|---|---|---|---|---|---|---|---|---|
| AU LIBRARY | AU LIBRARY | Open Shelf | 29.03.2022 | DONATION FROM MOI UNIVERSITY | RC46 .P894 1990 | 28009128 | 29.03.2022 | 29.03.2022 | Book | SM |